| 000 | 01059nas a2200277 4500 | ||
|---|---|---|---|
| 001 | BR8401498 | ||
| 003 | BR-BrBNA | ||
| 005 | 20231205085836.0 | ||
| 007 | ta | ||
| 008 | 230509b bl.|||p| |||| 00| 00por d | ||
| 040 |
_aBR-BrBNA _bpor _cBiblioteca Nacional de Agricultura |
||
| 041 | _a(Pt) | ||
| 072 | _aL72 | ||
| 100 | 1 | _aMarques Junior, A. de P. | |
| 100 | 1 | _aLima, W. dos S. | |
| 100 | 1 | _aSampaio, I.B.M. | |
| 245 | 1 | _aEritrograma de cabras adultas e jovens, naturalmente infectadas com helmintos gastrintestinais, mantidas em regime de confinamento e semiconfinamento | |
| 246 | 1 | _aErythrogram of young and adult female goats spontaneously infected with gastrointestinal helminths and kept under confinement and semi-confinement systems | |
| 650 | _aCABRA | ||
| 650 | _aVERMINOSE | ||
| 650 | _aCONFINAMENTO | ||
| 650 | _aSANGUE | ||
| 773 | 0 |
_tArquivo Brasileiro de Medicina Veterinaria e Zootecnia (Brazil) _xISSN 0365-8384 _g(Jun 1983), v. 35(3) p. 343-352 _wBR8401498 |
|
| 909 |
_a202311 _bLúcia _c55 _dLúcia Elande |
||
| 942 |
_2AGRIS _n0 _cANA |
||
| 999 |
_c114211 _d114211 |
||